MARC

LEADER 00000nab a2200000 ar4500
001 vtls009963579
003 SK-MaSNL
005 20260318121803.0
008 091026c2009 xo |||||||| 000 b|hun
015 |a SNBRB2009/10  |2 snkbucl 
038 |a SNKBUCL 
040 |a DSZK  |b slo  |c DSZK  |e AACR2 
041 0 |a hun 
044 |a xo  |c SK 
080 |a 371.124  |x (=511.141)  |x (437.6)  |2 1997 
080 |a 371:061.3  |x (=511.141)  |x (437.6)  |2 1997 
080 |a 37:06.068  |x (=511.141)  |x (437.6)  |2 1997 
100 1 |a Tóth, Tibor  |4 aut  |9 5168 
245 1 0 |a Pedagógus Életpálya Díj  |c Tóth Tibor 
300 |b Fotogr. 
600 1 7 |a Szkladányi, Endre,  |d 1948-  |2 snkbucl  |9 1304888 
610 2 7 |a Zväz maďarských pedagógov na Slovensku  |2 snkbucl  |9 29812 
611 2 7 |a Celoštátne stretnutie maďarských pedagógov na Slovensku  |n (15. :  |d 2009 :  |c Rožňava, Slovensko)  |2 snkbucl  |9 158240 
648 7 |a 2009  |2 snkbucl  |9 320114 
650 0 7 |a maďarskí pedagógovia  |z Slovensko  |2 snkbucl  |9 1033179 
650 0 7 |a pedagogické ceny  |2 snkbucl  |9 1062812 
650 0 7 |a Pedagógus Életpálya Díj (cena)  |2 snkbucl  |9 1585927 
773 0 |t Pedagógusfórum  |g Évf. VIII, sz. 4 (2009), o. 8 
852 |a SNK  |b KIS3GCP 
852 |a DSZK  |b KIS3GCP 
958 |a HU 
958 |a SK 
999 |c 3247057  |d 3248987